=LDR 00000nam 2200000 4500 =001 INLIS000000000006717 =005 20130612094826 =008 ***********************************Ind** =035 ##$$0010-061300000006717 =041 ##$$a Ind =082 ##$$a 658.4 =090 ##$$a 658.4, Kar k =100 ##$$a Karyadi, M =245 ##$$a Kepemimpinan (leadership), oleh M. Karyadi =260 ##$$a 21 cm $b Bandung =300 ##$$a x, 105 hm., 21 cm =650 ##$$a Kepemimpinan =850 ##$$a NBPNMAT